• 首页
  • 本馆介绍
  • 公告通知
  • 最新文献
  • 馆藏检索
  • 电子资源
  • 读者导购
  • 参考咨询
  • 我的图书馆
  • 登录
  • 详细信息显示
  • 放入我的书架
  • 预约/预借图书
  • 作者相关作品
  • 分类相关作品
  • 丛书相关作品
  • 出版社相关作品

书目信息

  • 表格格式
  • 工作单格式
  • 卡片格式
题名:
数字信号处理基础习题解答
    
 
作者: 周利清 编著
分册:  
出版信息: 北京   北京邮电大学出版社  2005
页数: 122页
开本: 23cm
丛书名:
单 册:
中图分类: TN911.72-44
科图分类:
主题词: 数字信号--信号处理--高等学校--解题 , 数字信号 , 信号处理
电子资源:
ISBN: 7-5635-1176-8
000 00969nam0 2200265 450
001 012007112122
005 20070517143849.48
010    @a7-5635-1176-8@dCNY14.00
100    @a20070509d2005 km y0chiy0120 ea
101 0  @achi
102    @aCN@b110000
105    @ay z 000yy
106    @ar
200 1  @a数字信号处理基础习题解答@Ashu zi xin hao chu li ji chu xi ti jie da@f周利清编著@Fzhou li qing bian zhu
210    @a北京@c北京邮电大学出版社@d2005
215    @a122页@d23cm
300    @a信息通信专业教材系列
330    @a本书是与《数字信号处理基础》教材相配套的习题解答,它给出了原教材中所有习题的详细解答,在解答过程中也说明了所用的公式、定理等依据的出处,从而理解和掌握数字信号处理的基本原理、基本概念和基本算法。
606 0  @a数字信号@x信号处理@x高等学校@j解题
606 0  @a数字信号
606 0  @a信号处理
690    @aTN911.72-44@v4
701  0 @a周利清@Azhou li qing@c(信号处理)@4编著
801  0 @aCN@bRULIN@c20070517
905    @dTN911.72-44@e89@s8
    
    数字信号处理基础习题解答/周利清编著.-北京:北京邮电大学出版社,2005
    122页;23cm
    信息通信专业教材系列
    
    ISBN 7-5635-1176-8:CNY14.00
    本书是与《数字信号处理基础》教材相配套的习题解答,它给出了原教材中所有习题的详细解答,在解答过程中也说明了所用的公式、定理等依据的出处,从而理解和掌握数字信号处理的基本原理、基本概念和基本算法。
●
相关链接 在E读中查询图书 在五车中查询图书 在当当中查询图书 在豆瓣中查询图书


正题名:数字信号处理基础习题解答     索取号:TN911.72-44/89         预约/预借

序号 登录号 条形码 馆藏地/架位号 状态 备注
1 0575095   205750953   第二样本阅览室/ [索取号:TN911.72-44/89] 在馆    
2 0575096   205750962   第三借阅区/ [索取号:TN911.72-44/89] 在馆    
3 0575097   205750971   第三借阅区/ [索取号:TN911.72-44/89] 在馆    
4 0575098   205750980   第三借阅区/ [索取号:TN911.72-44/89] 在馆    
5 0575099   205750999   第三借阅区/ [索取号:TN911.72-44/89] 在馆    
6 0575100   205751006   第三借阅区/ [索取号:TN911.72-44/89] 在馆    
7 0575101   205751015   第三借阅区/ [索取号:TN911.72-44/89] 在馆    
8 0575102   205751024   第三借阅区/ [索取号:TN911.72-44/89] 在馆    
唐山师范学院图书馆 欢迎您!
大连网信软件有限公司© 版权所有